Estadísticas para Top 10 Países que Producen el Mayor Número de Diamantes

Haz click aquí para tomar la prueba!

Estadísticas generales

  • Esta prueba ha sido tomada 1.951 veces
  • La puntuación promedio es 6 de 10

Estadísticas de respuestas

QuilatesPaís% Correcto
6,000,000Sudáfrica
85%
3,150,000R.D. Congo
81%
1,920,000Namibia
67%
7,100,000Angola
64%
21,500,000Rusia
64%
17,300,000Botsuana
63%
500,000Zimbabue
60%
12,000,000Canadá
46%
350,000Lesoto
42%
500,000Sierra Leona
29%

Distribución de puntuación

Porcentaje por número respondido

Porcentaje de gente con cada puntuación

Historial de tus puntuaciones

No has tomado esta prueba